[Event "Pirot Generations m 2nd"]
[Site "Pirot"]
[Date "2023.12.27"]
[Round "1.3"]
[White "Hsiao, Ethan"]
[Black "Rihterovic, Milan"]
[Result "0-1"]
[WhiteElo "2057"]
[BlackElo "2209"]
[PlyCount "68"]
[EventDate "2023.12.27"]
[EventType "schev"]
[EventRounds "8"]
[EventCountry "SRB"]
[SourceTitle "CB01_2024"]
[SourceDate "2024.01.03"]
[SourceVersion "1"]
[SourceVersionDate "2024.01.03"]
[SourceQuality "1"]
[WhiteTeam "Youth"]
[BlackTeam "Experts"]
[WhiteTeamCountry "USA"]
[BlackTeamCountry "SRB"]

1. e4 e5 2. Nf3 Nc6 3. Bc4 Nf6 4. d3 Bc5 5. 0-0 d6 6. a4 Be6 7. Bxe6 fxe6 8. c3 a5 9. Na3 0-0 10. Nc2 Qd7 11. d4 exd4 12. cxd4 Bb6 13. Qd3 d5 14. e5 Ne4 15. Ng5 Nxg5 16. Bxg5 Rf5 17. Bh4 Raf8 18. Ra3 Nb4 19. Nxb4 axb4 20. Raa1 Rf4 21. Bg3 Rxd4 22. Qe2 Re4 23. Qc2 h5 24. h3 Qf7 25. Rae1 Rc4 26. Qd2 Qg6 27. b3 Rc3 28. Kh2 Rxb3 29. Rc1 Qf5 30. Qc2 Qxc2 31. Rxc2 Ra3 32. Rb1 Rxa4 33. Rcb2 c5 34. f3 Bc7 0-1